000 00424nam a2200181Ia 4500
005 20240823054859.0
008 240823s9999||||xx |||||||||||||| ||und||
041 _aENGLISH
082 _A821
100 _aDante Gabriel Rossetti
245 2 _aA Critical study The Blessed Damozel
250 _a1st
260 _bVasans Publica
500 _aTRANSFERED
650 _aEnglish
_bEnglish
942 _cBK
999 _c227498
_d227498